Conferencias del curso de 1879 a 1880 / (Record no. 187947)
[ view plain ]
| 000 -LEADER | |
|---|---|
| campo de control de longitud fija | 01462nam a2200301 i 4500 |
| 001 - NÚMERO DE CONTROL | |
| campo de control | 187947 |
| 003 - IDENTIFICADOR DE NÚMERO DE CONTROL | |
| campo de control | ES-MaACL |
| 005 - FECHA Y HORA DE LA ÚLTIMA TRANSACCIÓN | |
| campo de control | 20250901104709.0 |
| 008 - DATOS DE LONGITUD FIJA--INFORMACIÓN GENERAL | |
| campo de control de longitud fija | 180328s1881 sp |||| | spa d |
| 110 2# - ENTRADA PRINCIPAL--NOMBRE DE ENTIDAD CORPORATIVA | |
| Nombre de entidad corporativa o nombre de jurisdicción como elemento de entrada | Círculo de la Unión Mercantil (Madrid) |
| 9 (RLIN) | 134324 |
| Término indicativo de función/relación | entidad responsable |
| 245 10 - MENCIÓN DEL TÍTULO | |
| Título | Conferencias del curso de 1879 a 1880 / |
| Mención de responsabilidad, etc. | con un prólogo de Miguel Moya ; oradores, D. Joaquín María Sanromá ... José de Echegaray [et al.]. |
| 246 1# - FORMA VARIANTE DEL TITULO | |
| Título propio/Titulo breve | Aplicación de las fuerzas naturales a la industria y al comercio |
| 260 ## - PUBLICACIÓN, DISTRIBUCIÓN, ETC. | |
| Lugar de publicación, distribución, etc. | Madrid : |
| Nombre del editor, distribuidor, etc. | [s.n.], |
| Fecha de publicación, distribución, etc. | 1881 |
| Fabricante | (Imp. El Liberal) |
| 300 ## - DESCRIPCIÓN FÍSICA | |
| Extensión | XVI, 410 páginas ; |
| Dimensiones | 22 cm. |
| 505 8# - NOTA DE CONTENIDO CON FORMATO | |
| Nota de contenido con formato | Contiene conferencia de José Echegaray: "Aplicación de las fuerzas naturales a la industria y al comercio", p. 105-125 |
| 530 ## - NOTA DISPONIBLE DE FORMULARIO FÍSICO ADICIONAL | |
| Nota de formato físico adicional disponible | Disponible en formato digital la conferencia de José Echegaray |
| 594 ## - Nota al título y mención de responsabilidad | |
| Nota al título y mención de responsabilidad | Tema: El comercio como clase gobernante. |
| 610 24 - PUNTO DE ACCESO ADICIONAL DE MATERIA--NOMBRE DE ENTIDAD CORPORATIVA | |
| Nombre de entidad corporativa o nombre de jurisdicción como elemento de entrada | Ateneo de Madrid- |
| Subdivisión de forma | Obras digitalizadas. |
| 9 (RLIN) | 1930 |
| 650 #7 - PUNTO DE ACCESO ADICIONAL DE MATERIA--TÉRMINO DE MATERIA | |
| Término de materia o nombre geográfico como elemento de entrada | Comercio- |
| Subdivisión geográfica | España- |
| Subdivisión cronológica | S.XIX |
| Fuente del encabezamiento o término | |
| 9 (RLIN) | 174680 |
| 700 1# - ENTRADA AGREGADA--NOMBRE PERSONAL | |
| Nombre de persona | Moya, Miguel, |
| Fechas asociadas al nombre | 1856-1920 |
| 9 (RLIN) | 158750 |
| Término indicativo de función/relación | Autor de introducción |
| 700 1# - ENTRADA AGREGADA--NOMBRE PERSONAL | |
| Nombre de persona | Sanromá, Joaquín María, |
| Fechas asociadas al nombre | 1828-1895 |
| 9 (RLIN) | 103198 |
| Término indicativo de función/relación | Orador |
| 700 1# - ENTRADA AGREGADA--NOMBRE PERSONAL | |
| Nombre de persona | Echegaray, José, |
| Fechas asociadas al nombre | 1832-1916 |
| 9 (RLIN) | 46526 |
| Término indicativo de función/relación | Orador |
| 852 ## - LOCALIZACIÓN | |
| Ubicación | ES-MaACL |
| Número de control de estantería | F-13196 |
| Ubicación en estantería | Sala Pecera Planta 2 |
| 856 ## - LOCALIZACIÓN Y ACCESO ELECTRÓNICOS | |
| Identificador Uniforme de Recursos | <a href="https://www.ateneodemadrid.com/old/biblioteca_digital/folletos/Edpr-005.pdf">https://www.ateneodemadrid.com/old/biblioteca_digital/folletos/Edpr-005.pdf</a> |
| Texto de enlace | Versión en línea |
| Nota pública | (Biblioteca digital del Ateneo) |
| 942 ## - ELEMENTOS DE ENTRADA SECUNDARIOS (KOHA) | |
| Fuente del sistema de clasificación o colocación | Clasificación decimal universal |
| Tipo de ítem Koha | Libro impreso antiguo |
| Suprimir en OPAC | No |
| Estatus retirado | Estado de pérdida | Estado de daño | No para préstamo | Colección | Biblioteca de origen | Biblioteca actual | Ubicación en estantería | Fecha de adquisición | Fuente de adquisición | Total de préstamos | Signatura topográfica completa | Código de barras | Visto por última vez | Precio de reemplazo | Tipo de ítem Koha |
|---|---|---|---|---|---|---|---|---|---|---|---|---|---|---|---|
| Colección digital | Biblioteca del Ateneo de Madrid | Biblioteca del Ateneo de Madrid | Sala Pecera Planta 2 | 28/03/2018 | F-13196 | 1198599 | 23/02/2023 | 23/02/2023 | Libro impreso antiguo |
